[Event "I Torneo ITT Espacio ENDESA"]
[Site "Santiago de Chile CHI"]
[Date "2007.10.01"]
[Round "6.3"]
[White "Diaz Villagran, Robert"]
[Black "Luconi, Cristian"]
[Result "1-0"]
[WhiteElo "2347"]
[BlackElo "2297"]
[PlyCount "91"]
[EventDate "2007.09.26"]
[EventType "tourn"]
[EventRounds "11"]
[EventCountry "CHI"]
[EventCategory "5"]
[Source "lmi"]
[SourceDate "2007.09.26"]

1. e4 d5 2. d3 dxe4 3. dxe4 Qxd1+ 4. Kxd1 Nc6 5. c3 e5 6. f3 Be6 7. Nd2 O-O-O
8. Kc2 Bc5 9. b4 Be3 10. Bc4 Bxc4 11. Nxc4 Bxc1 12. Rxc1 f6 13. Ne2 Nh6 14. a4
Nf7 15. Ng3 g6 16. Nf1 Ne7 17. b5 Nd6 18. Nfe3 Nxc4 19. Nxc4 Kd7 20. a5 Ke6 21.
Rb1 Rd7 22. Rhd1 Rhd8 23. Rxd7 Rxd7 24. b6 axb6 25. axb6 c6 26. Ra1 Nc8 27. Ra8
Nd6 28. Kb3 Nxc4 29. Kxc4 Kd6 30. Re8 Rf7 31. Rd8+ Rd7 32. Rf8 Ke7 33. Rh8 Kd6
34. Kb4 Rf7 35. c4 Rg7 36. Rb8 g5 37. c5+ Ke6 38. Ka5 Rd7 39. Rxb7 Rxb7 40. Ka6
Rb8 41. Ka7 Rd8 42. b7 f5 43. b8=Q Rxb8 44. Kxb8 fxe4 45. fxe4 Kd7 46. g4 1-0

[Event "I Torneo ITT Espacio ENDESA"]
[Site "Santiago de Chile CHI"]
[Date "2007.10.01"]
[Round "6.4"]
[White "Michel Yunis, Christian D"]
[Black "Valdes Escobar, Alvaro"]
[Result "0-1"]
[WhiteElo "2368"]
[BlackElo "2357"]
[PlyCount "72"]
[EventDate "2007.09.26"]
[EventType "tourn"]
[EventRounds "11"]
[EventCountry "CHI"]
[EventCategory "5"]
[Source "lmi"]
[SourceDate "2007.09.26"]

1. d4 Nf6 2. Nf3 g6 3. c4 Bg7 4. Nc3 O-O 5. Bf4 Nh5 6. Bg5 h6 7. Bd2 d6 8. e3
e5 9. Be2 f5 10. O-O e4 11. Ne1 Nf6 12. b4 Nbd7 13. Qb3 c6 14. c5+ d5 15. b5
Rf7 16. Nc2 Nf8 17. Nb4 Qe8 18. Qa4 Bd7 19. bxc6 bxc6 20. Ba6 Rb8 21. Rfb1 Ne6
22. Nc2 Rxb1+ 23. Rxb1 Nd8 24. Rb8 Kh7 25. Ne2 Qe7 26. Ba5 Rf8 27. Nb4 Ne6 28.
Rxf8 Bxf8 29. Bb7 f4 30. Bxc6 fxe3 31. Bxd7 exf2+ 32. Kf1 e3 33. Bxe6 Qxe6 34.
Qb3 Ng4 35. Bc7 Bd6 36. h3 Nh2# 0-1

[Event "I Torneo ITT Espacio ENDESA"]
[Site "Santiago de Chile CHI"]
[Date "2007.10.01"]
[Round "6.5"]
[White "Casafus, Ruben"]
[Black "Valenzuela Fuentealba, Luis"]
[Result "1/2-1/2"]
[WhiteElo "2337"]
[BlackElo "2482"]
[PlyCount "61"]
[EventDate "2007.09.26"]
[EventType "tourn"]
[EventRounds "11"]
[EventCountry "CHI"]
[EventCategory "5"]
[Source "lmi"]
[SourceDate "2007.09.26"]

1. d4 Nf6 2. c4 g6 3. g3 Bg7 4. Bg2 d5 5. cxd5 Nxd5 6. e4 Nb6 7. Ne2 c5 8. d5
O-O 9. Nbc3 Na6 10. O-O e5 11. b3 f5 12. a4 Bd7 13. exf5 gxf5 14. a5 Nc8 15. d6
Bc6 16. Bxc6 bxc6 17. d7 Ne7 18. Qd6 Rf6 19. Qd3 Nc7 20. Bg5 Rg6 21. Bxe7 Qxe7
22. Rad1 Ne6 23. Qxf5 Nd4 24. Qd3 Qxd7 25. Ne4 Qh3 26. f4 Rh6 27. Rf2 Rf8 28.
Rdf1 exf4 29. Ng5 Qf5 30. Qc4+ Qd5 31. Nxf4 1/2-1/2

[Event "I Torneo ITT Espacio ENDESA"]
[Site "Santiago de Chile CHI"]
[Date "2007.10.01"]
[Round "6.6"]
[White "Velasquez Ojeda, Cesar"]
[Black "Romero Pino, Claudio"]
[Result "1/2-1/2"]
[WhiteElo "2319"]
[BlackElo "2323"]
[PlyCount "133"]
[EventDate "2007.09.26"]
[EventType "tourn"]
[EventRounds "11"]
[EventCountry "CHI"]
[EventCategory "5"]
[Source "lmi"]
[SourceDate "2007.09.26"]

1. e4 c5 2. Nf3 d6 3. d4 cxd4 4. Nxd4 Nf6 5. Nc3 a6 6. Bg5 e6 7. f4 b5 8. e5
dxe5 9. fxe5 Qc7 10. exf6 Qe5+ 11. Be2 Qxg5 12. O-O Ra7 13. Qd3 Rd7 14. Ne4 Qe5
15. c3 Bb7 16. Bf3 Bxe4 17. Qxe4 Qxe4 18. Bxe4 gxf6 19. Nc6 Bc5+ 20. Kh1 O-O
21. Rxf6 Nxc6 22. Bxc6 Rd2 23. b4 Bd6 24. Bb7 Be5 25. Rf3 Rb8 26. Re3 Bxc3 27.
Rxc3 Rxb7 28. Rc6 Rbd7 29. h3 R7d6 30. Rc8+ Kg7 31. Ra8 h5 32. Kh2 f5 33. a3
Re2 34. Rc1 Re3 35. Rc7+ Kf6 36. Rh8 Rxa3 37. Rxh5 Ra4 38. h4 Rxb4 39. Rh6+ Ke5
40. h5 Rh4+ 41. Kg1 Rd1+ 42. Kf2 Rd2+ 43. Kf3 Rg4 44. Rc6 Rd3+ 45. Ke2 Rd6 46.
Rxd6 Kxd6 47. Kf3 a5 48. Rh8 e5 49. h6 e4+ 50. Ke3 Rxg2 51. h7 Rh2 52. Rd8+ Kc5
53. h8=Q Rxh8 54. Rxh8 Kb4 55. Rh5 a4 56. Rxf5 a3 57. Kxe4 a2 58. Rf1 Kc3 59.
Rf3+ Kb2 60. Rf2+ Ka3 61. Rf3+ Ka4 62. Rf1 b4 63. Kd3 b3 64. Kc3 Ka3 65. Rh1 b2
66. Rh8 b1=N+ 67. Kc2 1/2-1/2

[Event "I Torneo ITT Espacio ENDESA"]
[Site "Santiago de Chile CHI"]
[Date "2007.10.02"]
[Round "7.1"]
[White "Romero Pino, Claudio"]
[Black "Llorens Sepulveda, Marcelo"]
[Result "0-1"]
[WhiteElo "2323"]
[BlackElo "2292"]
[PlyCount "80"]
[EventDate "2007.09.26"]
[EventType "tourn"]
[EventRounds "11"]
[EventCountry "CHI"]
[EventCategory "5"]
[Source "lmi"]
[SourceDate "2007.09.26"]

1. d4 Nf6 2. c4 c5 3. d5 b5 4. Nf3 bxc4 5. Nc3 g6 6. e4 d6 7. Nd2 Bg7 8. Nxc4
O-O 9. Be2 Nfd7 10. O-O Nb6 11. Ne3 a5 12. a4 Na6 13. Rb1 Nb4 14. Bd2 Ba6 15.
Bxa6 Rxa6 16. Nb5 Qd7 17. Bc3 Rb8 18. Bxg7 Kxg7 19. b3 Raa8 20. Nc4 Nc8 21. Qd2
Ra6 22. Rbd1 Na7 23. Nc3 Nc8 24. f4 Nb6 25. e5 Nxc4 26. bxc4 Qf5 27. exd6 Rxd6
28. Nb5 Rf6 29. Qe3 Re8 30. Nc7 Rc8 31. Qxe7 Kg8 32. d6 Nc6 33. Qe3 Rd8 34. Rd5
Qd7 35. Nb5 Re8 36. Qxc5 Re2 37. h3 Rfe6 38. Nd4 Nxd4 39. Qxd4 R6e3 40. Re5
Rxg2+ 0-1

[Event "I Torneo ITT Espacio ENDESA"]
[Site "Santiago de Chile CHI"]
[Date "2007.10.02"]
[Round "7.2"]
[White "Valenzuela Fuentealba, Luis"]
[Black "Velasquez Ojeda, Cesar"]
[Result "1/2-1/2"]
[WhiteElo "2482"]
[BlackElo "2319"]
[PlyCount "37"]
[EventDate "2007.09.26"]
[EventType "tourn"]
[EventRounds "11"]
[EventCountry "CHI"]
[EventCategory "5"]
[Source "lmi"]
[SourceDate "2007.09.26"]

1. d4 Nf6 2. Nf3 e6 3. c4 b6 4. e3 Bb7 5. Bd3 Bb4+ 6. Nbd2 Bxd2+ 7. Qxd2 Ne4 8.
Qc2 f5 9. O-O O-O 10. Nd2 Qh4 11. f3 Ng5 12. d5 Na6 13. f4 Nb4 14. Qc3 Nxd3 15.
Qxd3 Ne4 16. Nxe4 fxe4 17. Qxe4 exd5 18. cxd5 Qh5 19. Qd4 1/2-1/2

[Event "I Torneo ITT Espacio ENDESA"]
[Site "Santiago de Chile CHI"]
[Date "2007.10.02"]
[Round "7.3"]
[White "Valdes Escobar, Alvaro"]
[Black "Casafus, Ruben"]
[Result "1/2-1/2"]
[WhiteElo "2357"]
[BlackElo "2337"]
[PlyCount "93"]
[EventDate "2007.09.26"]
[EventType "tourn"]
[EventRounds "11"]
[EventCountry "CHI"]
[EventCategory "5"]
[Source "lmi"]
[SourceDate "2007.09.26"]

1. c4 Nf6 2. Nc3 g6 3. g3 Bg7 4. Bg2 O-O 5. e4 d6 6. Nge2 c5 7. d4 Nc6 8. d5
Na5 9. b3 a6 10. a4 Bd7 11. Rb1 Rb8 12. Qd3 b5 13. axb5 axb5 14. Bd2 bxc4 15.
bxc4 Rxb1+ 16. Nxb1 Qb6 17. O-O Ng4 18. Na3 Qb3 19. Nc1 Qa4 20. Bf3 Bb2 21. Bd1
Qxa3 22. Qxa3 Bxa3 23. Bxa5 Ne3 24. fxe3 Bxc1 25. Re1 Ra8 26. Bc3 Ra3 27. Bb3
Bxe3+ 28. Rxe3 Rxb3 29. Kf2 f6 30. Ke2 Bc8 31. Kd3 Kf7 32. Re1 h5 33. Ra1 Rb7
34. h4 Bh3 35. Rh1 Bg4 36. Ra1 g5 37. Rf1 gxh4 38. gxh4 Ra7 39. Ra1 Rxa1 40.
Bxa1 Bh3 41. Bb2 Bf1+ 42. Kc3 f5 43. exf5 Kf6 44. Bc1 Kxf5 45. Bg5 e6 46. dxe6
Kxe6 47. Bf4 1/2-1/2

[Event "I Torneo ITT Espacio ENDESA"]
[Site "Santiago de Chile CHI"]
[Date "2007.10.02"]
[Round "7.6"]
[White "Alonso, Salvador"]
[Black "Jorquera Cahuin, Marcelo"]
[Result "1-0"]
[WhiteElo "2403"]
[BlackElo "2309"]
[PlyCount "71"]
[EventDate "2007.09.26"]
[EventType "tourn"]
[EventRounds "11"]
[EventCountry "CHI"]
[EventCategory "5"]
[Source "lmi"]
[SourceDate "2007.09.26"]

1. e4 d5 2. exd5 Nf6 3. d4 Bg4 4. Nf3 Qxd5 5. Be2 e6 6. h3 Bh5 7. O-O c6 8. c4
Qd8 9. Nc3 Be7 10. Be3 O-O 11. Qd2 Bb4 12. a3 Ne4 13. Qc2 Nxc3 14. bxc3 Bd6 15.
a4 Nd7 16. Rfd1 Qc7 17. c5 Bf4 18. Bxf4 Qxf4 19. Ne5 Nxe5 20. Bxh5 Nd7 21. a5
a6 22. Rab1 Rab8 23. Rb4 Qc7 24. Rdb1 e5 25. Be2 g6 26. Bf1 Rfd8 27. R1b2 Kg7
28. R2b3 exd4 29. cxd4 Nf6 30. Qb2 Qxa5 31. d5 cxd5 32. c6 b5 33. Rf3 d4 34.
Rxd4 Rxd4 35. Qxd4 Qd8 36. c7 1-0

[Event "I Torneo ITT Espacio ENDESA"]
[Site "Santiago de Chile CHI"]
[Date "2007.10.03"]
[Round "8.1"]
[White "Llorens Sepulveda, Marcelo"]
[Black "Jorquera Cahuin, Marcelo"]
[Result "1-0"]
[WhiteElo "2292"]
[BlackElo "2309"]
[PlyCount "93"]
[EventDate "2007.09.26"]
[EventType "tourn"]
[EventRounds "11"]
[EventCountry "CHI"]
[EventCategory "5"]
[Source "lmi"]
[SourceDate "2007.09.26"]

1. Nf3 Nf6 2. g3 d6 3. Bg2 e5 4. d3 g6 5. O-O Bg7 6. e4 O-O 7. h3 Nc6 8. Nc3 h6
9. Be3 Bd7 10. Qd2 Kh7 11. d4 exd4 12. Nxd4 Re8 13. b3 Qc8 14. Kh2 Re5 15. f3
Rh5 16. Nde2 Bxh3 17. Nf4 Bxg2+ 18. Kxg2 Re5 19. Rh1 h5 20. Rh3 Kg8 21. Rah1
Qd7 22. Ncd5 Nxd5 23. exd5 Ne7 24. Bd4 Re8 25. c4 Nf5 26. Bxe5 dxe5 27. Nd3 e4
28. fxe4 Rxe4 29. Nc5 Qe7 30. Nxe4 Qxe4+ 31. Kh2 Ne3 32. Rh4 Ng4+ 33. Rxg4 Qxg4
34. Re1 h4 35. Qf4 hxg3+ 36. Qxg3 Qxg3+ 37. Kxg3 Bf8 38. Re8 Kg7 39. Kf3 b6 40.
Rc8 Bd6 41. b4 Kf6 42. Ke4 Ke7 43. a3 a5 44. c5 Kd7 45. Ra8 bxc5 46. bxc5 f5+
47. Kd3 1-0

[Event "I Torneo ITT Espacio ENDESA"]
[Site "Santiago de Chile CHI"]
[Date "2007.10.03"]
[Round "8.2"]
[White "Diaz Villagran, Robert"]
[Black "Alonso, Salvador"]
[Result "0-1"]
[WhiteElo "2347"]
[BlackElo "2403"]
[PlyCount "72"]
[EventDate "2007.09.26"]
[EventType "tourn"]
[EventRounds "11"]
[EventCountry "CHI"]
[EventCategory "5"]
[Source "lmi"]
[SourceDate "2007.09.26"]

1. e4 c5 2. c3 d5 3. exd5 Qxd5 4. d4 Nf6 5. Nf3 e6 6. Bd3 Be7 7. O-O O-O 8. Qe2
Nc6 9. Rd1 cxd4 10. cxd4 Nb4 11. Nc3 Qh5 12. Bb1 b6 13. Ne4 Bb7 14. a3 Nxe4 15.
Bxe4 Bxe4 16. Qxe4 Qd5 17. Qe2 Nc6 18. b4 Rfc8 19. Bb2 Bf6 20. Ne5 Rc7 21. Rd3
Rac8 22. Rad1 Ne7 23. Rh3 Ng6 24. Ng4 Rc2 25. Qa6 Qa2 26. Ne3 Qxb2 27. Nxc2
Qxc2 28. Rhd3 Nf4 29. R3d2 Qc6 30. Qf1 g6 31. g3 Nd5 32. Qd3 Qa4 33. Qf3 Rc3
34. Rd3 Qxa3 35. Rxc3 Qxc3 36. Rd3 Qxb4 0-1

[Event "I Torneo ITT Espacio ENDESA"]
[Site "Santiago de Chile CHI"]
[Date "2007.10.03"]
[Round "8.3"]
[White "Michel Yunis, Christian D"]
[Black "Arancibia Guzman, Eduardo"]
[Result "1/2-1/2"]
[WhiteElo "2368"]
[BlackElo "2413"]
[PlyCount "43"]
[EventDate "2007.09.26"]
[EventType "tourn"]
[EventRounds "11"]
[EventCountry "CHI"]
[EventCategory "5"]
[Source "lmi"]
[SourceDate "2007.09.26"]

1. d4 Nf6 2. Nf3 e6 3. c4 c5 4. e3 cxd4 5. exd4 d5 6. Nc3 Be7 7. Bg5 O-O 8. Rc1
h6 9. Bh4 dxc4 10. Bxc4 Nc6 11. O-O Nh5 12. Bxe7 Nxe7 13. Qe2 Nf6 14. Rfd1 a6
15. Bb3 Bd7 16. Ne5 Rc8 17. Qf3 Bc6 18. Nxc6 Rxc6 19. Ne4 Nxe4 20. Qxe4 Rxc1
21. Rxc1 Qb6 22. Qe5 1/2-1/2

[Event "I Torneo ITT Espacio ENDESA"]
[Site "Santiago de Chile CHI"]
[Date "2007.10.03"]
[Round "8.5"]
[White "Velasquez Ojeda, Cesar"]
[Black "Valdes Escobar, Alvaro"]
[Result "0-1"]
[WhiteElo "2319"]
[BlackElo "2357"]
[PlyCount "58"]
[EventDate "2007.09.26"]
[EventType "tourn"]
[EventRounds "11"]
[EventCountry "CHI"]
[EventCategory "5"]
[Source "lmi"]
[SourceDate "2007.09.26"]

1. e4 c5 2. Nf3 d6 3. d4 cxd4 4. Nxd4 Nf6 5. Nc3 a6 6. Bg5 e6 7. f4 Be7 8. Qf3
Qc7 9. O-O-O h6 10. Bh4 Nbd7 11. Be2 b5 12. Bxf6 Nxf6 13. e5 Bb7 14. Qg3 dxe5
15. fxe5 Nd5 16. Nxe6 fxe6 17. Qg6+ Kd7 18. Nxd5 Bxd5 19. Rxd5+ exd5 20. Bg4+
Kd8 21. Rd1 Qxe5 22. Qc6 Bg5+ 23. Kb1 Ke7 24. Qd7+ Kf8 25. Rf1+ Bf6 26. c3 Qe7
27. Qc6 Qe4+ 28. Ka1 Re8 29. a3 Qxg4 0-1

[Event "I Torneo ITT Espacio ENDESA"]
[Site "Santiago de Chile CHI"]
[Date "2007.10.03"]
[Round "8.6"]
[White "Romero Pino, Claudio"]
[Black "Valenzuela Fuentealba, Luis"]
[Result "0-1"]
[WhiteElo "2323"]
[BlackElo "2482"]
[PlyCount "90"]
[EventDate "2007.09.26"]
[EventType "tourn"]
[EventRounds "11"]
[EventCountry "CHI"]
[EventCategory "5"]
[Source "lmi"]
[SourceDate "2007.09.26"]

1. d4 d5 2. c4 c6 3. Nf3 Nf6 4. e3 Bf5 5. cxd5 cxd5 6. Qb3 Qc7 7. Bd2 Nc6 8.
Bb5 e6 9. O-O Bd6 10. Bb4 O-O 11. Bxc6 bxc6 12. Nbd2 Rab8 13. Bxd6 Qxd6 14. Qc3
Rfc8 15. Rfc1 Nd7 16. Nb3 Rb5 17. Nc5 Nxc5 18. dxc5 Qb8 19. Nd4 Rb7 20. Nxf5
exf5 21. b3 Re8 22. g3 Rb5 23. Rd1 a5 24. Rd4 Re4 25. f3 Re6 26. Ra4 Qe8 27.
Re1 h5 28. Kf2 g6 29. h4 Kh7 30. Qd2 Qd8 31. Qc3 Qe7 32. Rc1 Rb8 33. Rxa5 Re8
34. Re1 f4 35. gxf4 Qxh4+ 36. Kg2 d4 37. Qd2 Rxe3 38. Rxe3 Rxe3 39. Qf2 Qxf4
40. Ra7 Kg7 41. Rd7 h4 42. b4 h3+ 43. Kg1 Qg5+ 44. Kh2 Qe5+ 45. Qg3 Re2+ 0-1

[Event "I Torneo ITT Espacio ENDESA"]
[Site "Santiago de Chile CHI"]
[Date "2007.10.04"]
[Round "9.1"]
[White "Valenzuela Fuentealba, Luis"]
[Black "Llorens Sepulveda, Marcelo"]
[Result "0-1"]
[WhiteElo "2482"]
[BlackElo "2292"]
[PlyCount "136"]
[EventDate "2007.09.26"]
[EventType "tourn"]
[EventRounds "11"]
[EventCountry "CHI"]
[EventCategory "5"]
[Source "lmi"]
[SourceDate "2007.09.26"]

1. d4 Nf6 2. Nf3 c5 3. d5 g6 4. c4 b5 5. cxb5 a6 6. b6 Bg7 7. Nc3 d6 8. e4 O-O
9. Qb3 Bb7 10. Nd2 e6 11. Be2 exd5 12. exd5 Re8 13. O-O Rxe2 14. Nxe2 Bxd5 15.
Qg3 Qxb6 16. Nc3 Be6 17. Nde4 Nxe4 18. Nxe4 d5 19. Ng5 Nd7 20. Qh4 Nf6 21. Nxe6
fxe6 22. Bh6 Bh8 23. b3 Qd6 24. Rae1 Re8 25. f3 Nd7 26. Re2 Bd4+ 27. Kh1 e5 28.
Rd1 Qf6 29. Qxf6 Nxf6 30. Bg5 Kf7 31. Bxf6 Kxf6 32. b4 c4 33. f4 c3 34. g4 g5
35. fxe5+ Rxe5 36. Rc2 Re4 37. h3 Ke5 38. Rd3 Re1+ 39. Kg2 Ke4 40. Rdxc3 Bxc3
41. Rxc3 Re2+ 42. Kf1 Rxa2 43. Ke1 d4 44. Rg3 d3 45. h4 h6 46. hxg5 hxg5 47.
Rh3 Rb2 48. Rh6 Rxb4 49. Rxa6 Rb1+ 50. Kd2 Rb2+ 51. Ke1 Ke3 52. Re6+ Kf3 53.
Rd6 d2+ 54. Kd1 Kxg4 55. Ke2 Kg3 56. Rd3+ Kg2 57. Rd4 Kh3 58. Rd3+ Kh4 59. Rd7
g4 60. Kd1 Kh3 61. Rh7+ Kg2 62. Rg7 g3 63. Rg8 Kh3 64. Rg7 g2 65. Rh7+ Kg3 66.
Rg7+ Kf3 67. Rf7+ Ke4 68. Rg7 Rb1+ 0-1

[Event "I Torneo ITT Espacio ENDESA"]
[Site "Santiago de Chile CHI"]
[Date "2007.10.04"]
[Round "9.2"]
[White "Valdes Escobar, Alvaro"]
[Black "Romero Pino, Claudio"]
[Result "1/2-1/2"]
[WhiteElo "2357"]
[BlackElo "2323"]
[PlyCount "132"]
[EventDate "2007.09.26"]
[EventType "tourn"]
[EventRounds "11"]
[EventCountry "CHI"]
[EventCategory "5"]
[Source "lmi"]
[SourceDate "2007.09.26"]

1. e4 c5 2. Ne2 d6 3. c4 e6 4. Nbc3 Ne7 5. d4 cxd4 6. Nxd4 Nec6 7. Be3 Be7 8.
Be2 Nxd4 9. Qxd4 O-O 10. O-O a6 11. Rfd1 Nd7 12. a3 Qc7 13. Qd2 b6 14. b4 Bb7
15. Rac1 Rac8 16. f3 Rfd8 17. Bf1 Qb8 18. Qf2 Bc6 19. Rc2 b5 20. cxb5 Bxb5 21.
Nxb5 axb5 22. Rdc1 Rxc2 23. Qxc2 Ne5 24. Qc7 Re8 25. h3 d5 26. Qxb8 Rxb8 27.
exd5 exd5 28. Bc5 Kf8 29. Bxe7+ Kxe7 30. Rc5 Nc4 31. Rxd5 Nxa3 32. Rc5 Ra8 33.
Kf2 Ra4 34. Rc3 Nb1 35. Rb3 Na3 36. Rc3 Nb1 37. Rc7+ Kf6 38. Bxb5 Rxb4 39. Bc4
Rb2+ 40. Kg3 Nd2 41. Rxf7+ Kg6 42. Rf4 Nxc4 43. Rxc4 h5 44. Rc6+ Kh7 45. f4 g6
46. Kf3 Kg7 47. Rc3 Ra2 48. g4 hxg4+ 49. hxg4 Ra4 50. Rc7+ Kf8 51. Rd7 Rb4 52.
Ke3 Ra4 53. Rd4 Ra1 54. Ke4 Ke7 55. f5 gxf5+ 56. Kxf5 Kf7 57. Rd7+ Kf8 58. Kg6
Ra6+ 59. Kh7 Ra4 60. g5 Rh4+ 61. Kg6 Ra4 62. Rf7+ Kg8 63. Rf6 Ra7 64. Rb6 Rg7+
65. Kh5 Rh7+ 66. Rh6 Kg7 1/2-1/2

[Event "I Torneo ITT Espacio ENDESA"]
[Site "Santiago de Chile CHI"]
[Date "2007.10.04"]
[Round "9.3"]
[White "Luconi, Cristian"]
[Black "Velasquez Ojeda, Cesar"]
[Result "1-0"]
[WhiteElo "2297"]
[BlackElo "2319"]
[PlyCount "89"]
[EventDate "2007.09.26"]
[EventType "tourn"]
[EventRounds "11"]
[EventCountry "CHI"]
[EventCategory "5"]
[Source "lmi"]
[SourceDate "2007.09.26"]

1. d4 Nf6 2. Nf3 d6 3. Bg5 Nbd7 4. e3 e5 5. c3 Be7 6. Be2 O-O 7. O-O b6 8. a4
a5 9. Na3 Bb7 10. Qb3 Ne4 11. Bxe7 Qxe7 12. Rad1 Ng5 13. d5 Nxf3+ 14. Bxf3 Ba6
15. c4 e4 16. Be2 Ne5 17. Nc2 Bc8 18. Nd4 Qh4 19. Kh1 Bd7 20. Qc2 Rae8 21. b3
f5 22. f3 Rf6 23. g3 Qh3 24. Rf2 exf3 25. Bxf3 Qh6 26. Qd2 Kh8 27. Rdf1 Qg5 28.
Bd1 Ng6 29. Nc2 Ne5 30. Nd4 Ng6 31. Re1 Re7 32. Nf3 Qh6 33. Bc2 c5 34. Kg1 Be8
35. Kg2 Nf8 36. Nh4 g6 37. Qc3 Qg7 38. e4 Nd7 39. exf5 g5 40. Rxe7 Qxe7 41. Nf3
g4 42. Ng5 Ne5 43. Ne4 Rh6 44. Nxd6 Qxd6 45. Re2 1-0

[Event "I Torneo ITT Espacio ENDESA"]
[Site "Santiago de Chile CHI"]
[Date "2007.10.04"]
[Round "9.5"]
[White "Alonso, Salvador"]
[Black "Michel Yunis, Christian D"]
[Result "1-0"]
[WhiteElo "2403"]
[BlackElo "2368"]
[PlyCount "69"]
[EventDate "2007.09.26"]
[EventType "tourn"]
[EventRounds "11"]
[EventCountry "CHI"]
[EventCategory "5"]
[Source "lmi"]
[SourceDate "2007.09.26"]

1. e4 e5 2. Nf3 Nc6 3. Bc4 Be7 4. O-O Nf6 5. d3 O-O 6. Re1 d6 7. a4 h6 8. c3
Nh7 9. a5 a6 10. Nbd2 g6 11. d4 Ng5 12. dxe5 Nxe5 13. Nxe5 dxe5 14. h4 Ne6 15.
Nf3 Kg7 16. Qxd8 Rxd8 17. Be3 Bf6 18. Red1 Re8 19. g3 Nf8 20. Nd2 Be6 21. Kf1
Rad8 22. Bxe6 Nxe6 23. Ke2 Rd7 24. Nc4 Red8 25. Rxd7 Rxd7 26. Rb1 h5 27. b4 Nd8
28. b5 axb5 29. Rxb5 c6 30. Rb6 Rc7 31. Nd6 Kf8 32. Nxb7 Nxb7 33. a6 Nd8 34.
Rb8 c5 35. a7 1-0

[Event "I Torneo ITT Espacio ENDESA"]
[Site "Santiago de Chile CHI"]
[Date "2007.10.05"]
[Round "10.1"]
[White "Llorens Sepulveda, Marcelo"]
[Black "Diaz Villagran, Robert"]
[Result "1/2-1/2"]
[WhiteElo "2292"]
[BlackElo "2347"]
[PlyCount "27"]
[EventDate "2007.09.26"]
[EventType "tourn"]
[EventRounds "11"]
[EventCountry "CHI"]
[EventCategory "5"]
[Source "lmi"]
[SourceDate "2007.09.26"]

1. e4 e5 2. Nf3 Nc6 3. Nc3 Nf6 4. g3 d5 5. exd5 Nxd5 6. Bg2 Nxc3 7. bxc3 Be7 8.
O-O O-O 9. Re1 Bf6 10. Rb1 Rb8 11. c4 Re8 12. d3 Bg4 13. h3 Bh5 14. g4 1/2-1/2

[Event "I Torneo ITT Espacio ENDESA"]
[Site "Santiago de Chile CHI"]
[Date "2007.10.05"]
[Round "10.3"]
[White "Casafus, Ruben"]
[Black "Alonso, Salvador"]
[Result "1/2-1/2"]
[WhiteElo "2337"]
[BlackElo "2403"]
[PlyCount "43"]
[EventDate "2007.09.26"]
[EventType "tourn"]
[EventRounds "11"]
[EventCountry "CHI"]
[EventCategory "5"]
[Source "lmi"]
[SourceDate "2007.09.26"]

1. d4 d5 2. c4 c6 3. Nf3 Nf6 4. e3 Bf5 5. Bd3 Bxd3 6. Qxd3 e6 7. O-O Nbd7 8.
Nc3 Be7 9. e4 dxe4 10. Nxe4 Nxe4 11. Qxe4 Nf6 12. Qc2 O-O 13. b3 Qa5 14. Bb2
Ba3 15. Bc3 Bb4 16. Bb2 Ba3 17. Rad1 Bxb2 18. Qxb2 Rad8 19. Ne5 Nd7 20. Nf3 Nf6
21. Ne5 Nd7 22. Nf3 1/2-1/2

[Event "I Torneo ITT Espacio ENDESA"]
[Site "Santiago de Chile CHI"]
[Date "2007.10.05"]
[Round "10.5"]
[White "Romero Pino, Claudio"]
[Black "Luconi, Cristian"]
[Result "0-1"]
[WhiteElo "2323"]
[BlackElo "2297"]
[PlyCount "62"]
[EventDate "2007.09.26"]
[EventType "tourn"]
[EventRounds "11"]
[EventCountry "CHI"]
[EventCategory "5"]
[Source "lmi"]
[SourceDate "2007.09.26"]

1. d4 f5 2. Nc3 Nf6 3. Bg5 e6 4. Bxf6 Qxf6 5. e4 Bb4 6. e5 Bxc3+ 7. bxc3 Qe7 8.
g3 O-O 9. Ne2 d5 10. Bg2 c5 11. O-O Nc6 12. Rb1 cxd4 13. cxd4 Na5 14. Nc3 Bd7
15. Qe2 Rac8 16. Qd2 b6 17. f4 Rfd8 18. g4 g6 19. gxf5 gxf5 20. Rf3 Kh8 21. Rg3
Bc6 22. Kh1 Rg8 23. Ne2 Ba4 24. c3 Qh4 25. Rg1 Bb5 26. Qe1 Qh6 27. Rh3 Qf8 28.
Qh4 Rc7 29. Ng3 Be8 30. Bf3 Rcg7 31. Qd8 Bh5 0-1

[Event "I Torneo ITT Espacio ENDESA"]
[Site "Santiago de Chile CHI"]
[Date "2007.10.06"]
[Round "11.1"]
[White "Valdes Escobar, Alvaro"]
[Black "Llorens Sepulveda, Marcelo"]
[Result "1/2-1/2"]
[WhiteElo "2357"]
[BlackElo "2292"]
[PlyCount "22"]
[EventDate "2007.09.26"]
[EventType "tourn"]
[EventRounds "11"]
[EventCountry "CHI"]
[EventCategory "5"]
[Source "lmi"]
[SourceDate "2007.09.26"]

1. e4 e5 2. Nf3 Nc6 3. Bc4 Bc5 4. c3 Nf6 5. d3 d6 6. Nbd2 O-O 7. Bb3 Qe7 8. O-O
a6 9. Re1 Be6 10. Nf1 Bxb3 11. axb3 h6 1/2-1/2

[Event "I Torneo ITT Espacio ENDESA"]
[Site "Santiago de Chile CHI"]
[Date "2007.10.06"]
[Round "11.3"]
[White "Arancibia Guzman, Eduardo"]
[Black "Romero Pino, Claudio"]
[Result "1/2-1/2"]
[WhiteElo "2413"]
[BlackElo "2323"]
[PlyCount "25"]
[EventDate "2007.09.26"]
[EventType "tourn"]
[EventRounds "11"]
[EventCountry "CHI"]
[EventCategory "5"]
[Source "lmi"]
[SourceDate "2007.09.26"]

1. e4 c5 2. Nf3 d6 3. d4 cxd4 4. Nxd4 Nf6 5. Nc3 a6 6. a4 e5 7. Nf3 h6 8. Be2
Be6 9. O-O Qc7 10. Re1 Nc6 11. Nd5 Bxd5 12. exd5 Nb4 13. c4 1/2-1/2

[Event "I Torneo ITT Espacio ENDESA"]
[Site "Santiago de Chile CHI"]
[Date "2007.10.06"]
[Round "11.4"]
[White "Alonso, Salvador"]
[Black "Velasquez Ojeda, Cesar"]
[Result "1/2-1/2"]
[WhiteElo "2403"]
[BlackElo "2319"]
[PlyCount "21"]
[EventDate "2007.09.26"]
[EventType "tourn"]
[EventRounds "11"]
[EventCountry "CHI"]
[EventCategory "5"]
[Source "lmi"]
[SourceDate "2007.09.26"]

1. d4 Nf6 2. Nf3 e6 3. c4 b6 4. e3 Bb7 5. Bd3 Be7 6. Nc3 d5 7. O-O O-O 8. b3
Nbd7 9. Bb2 c5 10. cxd5 Nxd5 11. Nxd5 1/2-1/2

[Event "I Torneo ITT Espacio ENDESA"]
[Site "Santiago de Chile CHI"]
[Date "2007.10.06"]
[Round "11.6"]
[White "Diaz Villagran, Robert"]
[Black "Michel Yunis, Christian D"]
[Result "1/2-1/2"]
[WhiteElo "2347"]
[BlackElo "2368"]
[PlyCount "25"]
[EventDate "2007.09.26"]
[EventType "tourn"]
[EventRounds "11"]
[EventCountry "CHI"]
[EventCategory "5"]
[Source "lmi"]
[SourceDate "2007.09.26"]

1. d4 Nf6 2. Nf3 c5 3. c4 cxd4 4. Nxd4 e5 5. Nb5 d5 6. cxd5 Bc5 7. N5c3 O-O 8.
g3 e4 9. e3 Bg4 10. Be2 Bxe2 11. Qxe2 Re8 12. O-O Nbd7 13. Nd2 1/2-1/2